| 000 | 00360nam a2200157Ia 4500 | ||
|---|---|---|---|
| 008 | 230524s9999 xx 000 0 und d | ||
| 082 |
_a5.133 _bKOC |
||
| 100 | _aStephen G.Kochan | ||
| 245 | 0 | _aProgramming in C | |
| 250 | _a1ST | ||
| 260 |
_aNEW DELHI _bCBS _c2001 |
||
| 300 | _aIX;439 | ||
| 500 | _aQuantity Number: 2 | ||
| 650 | _aComp-Sc | ||
| 942 | _cBK | ||
| 999 |
_c31692 _d31692 |
||